000 00460nam a2200181Ia 4500
001 19629
005 20260306172707.0
008 260306t2006||||xx |||||||||||||| ||spa||
041 _aESP
082 _a340.7
_bP45
100 _aPérez LLedó, Juan Antonio
_eAUT
245 0 _aLa enseñanza del derecho:
_bdos modelos y una propuesta
260 _c2006
300 _a000 páginas :
_c00 cm.
650 _aGEN
654 _aCDE
942 _cLIB
_dJUS
_fJUS
_2ddc
_n
999 _c19629
_d19629